Poemas humanos

Gespeichert in:
Bibliographische Detailangaben
1. Verfasser: Vallejo, César (VerfasserIn)
Format: Buch
Sprache:Spanisch
Veröffentlicht: Barcelona Lais 1989
Schriftenreihe:El barco de papel
Schlagworte:
Tags: Tag hinzufügen
Keine Tags, Fügen Sie den ersten Tag hinzu!

MARC

LEADER 00000nam a2200000 a 4500
001 UCX6668
003 CL-VaPUC
008 930804e19890000SP |||||||||||||||||spa|d
082 0 4 |a Pe861  |b VAL  |2 21 
100 |a Vallejo, César  |e author  |9 269109 
245 1 0 |a Poemas humanos 
246 1 0 |a España aparta de mí este cáliz 
300 |a 130 p 
942 |c BK 
945 |d 19930804 00:00:00 
260 |a Barcelona  |b Lais  |c 1989 
650 0 |a Poesías peruanas   |9 267668 
583 |a last modification  |c 19930804 00:00:00  |k Rodrigo Vera 
490 0 |a El barco de papel 
999 |c 226653  |d 226651 
952 |0 0  |1 0  |4 0  |6 PE_861_000000000000000_VAL_1989  |7 0  |8 R  |9 225163  |a BIBEDU  |b BIBEDU  |c MCIRC  |d 2019-11-15  |i 2938707  |o Pe861 VAL 1989  |p 2938707  |r 2023-01-13  |w 2019-11-15  |y BK_R  |k LIT